| 000 -ლიდერი |
| ფიქსირებული სიგრძის საკონტროლო ველი |
01437nam a22002057a 4500 |
| 003 - საკონტროლო ნომრის იდენტიფიკატორი |
| საკონტროლო ველი |
Ge_BSU |
| 005 - ბოლო ოპერაციის თარიღი და დრო |
| საკონტროლო ველი |
20230703145057.0 |
| 008 - ფიქსირებული სიგრძის მონაცემთა ელემენტები - ზოგადი ინფორმაცია |
| ფიქსირებული სიგრძის საკონტროლო ველი |
230703s1988ge xxu||||| |||| 00| 0 geo d |
| 041 ## - ენის კოდი |
| Language code of text/sound track or separate title |
geo |
| 080 ## - უნივერსალური ათობითი კლასიფიკაციის ინდექსი |
| Universal Decimal Classification number |
821.14'01-14 ა-61 |
| 100 ## - მთავარი ჩანაწერი - პიროვნების სახელი |
| Personal name |
ანაკრეონტი, (ავტორი). |
| 9 (RLIN) |
19142 |
| 245 ## - ცნობა სათაურის შესახებ |
| Title |
ანაკრეონტეა = Анакреонтика = Anacreontica : |
| Remainder of title |
ლირიკა / |
| Statement of responsibility, etc |
ანაკრეონტი, რედ. აკაკი ურუშაძე. |
| 264 ## - წარმოების, გამოცემის, დისტრიბუციის და სხვა ცნობები |
| გამოცემის, წარმოების, დისტრიბუციის... ადგილი |
თბილისი: |
| გამოცემის, წარმოების, დისტრიბუციის... სახელწოდება |
თბილისის უნივერსიტეტის გამომცემლობა, |
| გამოცემის, წარმოების, დისტრიბუციის... თარიღი |
1988. |
| 300 ## - ფიზიკური აღწერა |
| Extent |
149 [3]გვ.: |
| Other physical details |
20 სმ. |
| 500 ## - ზოგადი შენიშვნა |
| General note |
ძველბერძნულიდან თარგმნა, შესავალი წერილი, კომენტარები და სახელთა საძიებელი დაურთო თამარ კალატოზმა. |
| 653 ## - INDEX TERM--UNCONTROLLED |
| Uncontrolled term |
ლირიკა. ძველბერძნული ლირიკა. სატრფიალო და სანადიმო სიმღერები. |
| 700 ## - ADDED ENTRY--PERSONAL NAME |
| Personal name |
ურუშაძე, აკაკი |
| Relator term |
რედაქტორი |
| 9 (RLIN) |
19143 |
| 710 ## - ADDED ENTRY--CORPORATE NAME |
| Corporate name or jurisdiction name as entry element |
თბილისის უნივერსიტეტის ბერძნულ–ლათინური ბიბლიოთეკა. |
| 9 (RLIN) |
19144 |
| 942 ## - ADDED ENTRY ELEMENTS (KOHA) |
| Source of classification or shelving scheme |
|
| Koha item type |
წიგნი |